| 000 | 00430 a2200169 4500 | ||
|---|---|---|---|
| 999 |
_c8028 _d8028 |
||
| 020 | _a8131713717 | ||
| 050 | _aHG179 MAD 2007 | ||
| 100 |
_aMadura, Jeff _eauthor |
||
| 245 |
_aPersonal finance / _cJeff Madura |
||
| 250 | _a3rd | ||
| 264 |
_aNew Delhi: _bPearson Education, _c2007. |
||
| 300 | _a714p. : | ||
| 500 | _aIncludes index | ||
| 650 |
_aFinance _xPersonal |
||
| 650 | _aInvestments | ||
| 942 |
_2lcc _cBK _e3rd _h179 _iMAD _kHG |
||